Largest Cities that Start with a Vowel - Statistics

General Stats
  • This quiz has been taken 266 times
  • The average score is 9 of 20
Answer Stats
Pop. in Millions City % Correct
17.4 Osaka
75%
13.3 Istanbul
73%
4.5 Ankara
71%
3.4 Addis Ababa
63%
4.7 Alexandria
61%
5.0 Atlanta
60%
3.5 Athens
57%
4.1 Accra
55%
2.6 Algiers
55%
2.4 Abuja
51%
2.5 Amman
49%
7.2 Ahmedabad
48%
4.8 Abidjan
41%
2.8 Asuncion
36%
3.1 Izmir
33%
3.2 Urumqi
28%
2.7 Ouagadougou
25%
3.6 Aleppo
23%
3.2 Ibadan
16%
2.4 Indore
9%
No matching quizzes found
Score Distribution
Percent of People with Each Score
Percentile by Number Answered
Your Score History
You have not taken this quiz